00551nam a22001697a 450000500170000001000130001702000260003003500120005603700130006808200080008110000340008924500720012324600480019526000530024327000590029630000260035520221221104623.0 aUR-11822 a9789393785107c107.00 aU-10377 bDBAD/PUB a841 aنگری ، ارشد مینا aاشک بار تبسّم /cارشد مینا نگریhا ر د و aAshk Baar Tabassum /bby Arshad Meena Nagri aNew DelhibEducational Publishing Housec2021 ء aH.o. D1/16, Ansari Road, Darya GanjbNew Delhie110002 a160 صc22cm(Hb)